[Event "Biel ATO 55th"]
[Site "Biel"]
[Date "2022.??.??"]
[Round "5"]
[White "Smeets, Kobe"]
[Black "Maitre, Fabien"]
[Result "1-0"]
[WhiteElo "1963"]
[BlackElo "1837"]
[PlyCount "43"]
[EventDate "2022.07.13"]
[EventType "swiss"]
[EventRounds "9"]
[EventCountry "SUI"]
[SourceTitle "EXT 2024"]
[Source "ChessBase"]
[SourceDate "2023.10.10"]
[SourceVersion "1"]
[SourceVersionDate "2023.10.10"]
[SourceQuality "1"]

1. e4 c5 2. Nf3 Nc6 3. d4 cxd4 4. Nxd4 g6 5. c4 Nf6 6. Nc3 Bg7 7. Be3 0-0 8. Be2 d6 9. 0-0 Ng4 10. Bxg4 Bxg4 11. Nxc6 Bxd1 12. Nxd8 Bxc3 13. bxc3 Be2 14. Rfe1 Bxc4 15. Nxb7 a5 16. Bd4 Rfb8 17. Rab1 Bxa2 18. Ra1 Rxb7 19. Rxa2 a4 20. Ra3 Rb3 21. Rea1 Rab8 22. Kf1 1-0